000 00589nam a2200193Ii 4500
003 JO-AjNU
008 230606s9999||||xx |||||||||||||| ||und||
040 _aJO-AjNU
_beng
_erda
_cJO-AjNU
041 _aeng
050 1 4 _aPE1128.A2.A549 1989
100 3 _aL.A.Alexander تاليف,
_eauthor
_92704
245 0 0 _aFirst Things First:Students Book
264 3 1 _aNew York:Cambridge University Press,1989
300 _a146p
336 _atext
_btxt
_2rdacontent
337 _aunmediated
_bn
_2rdamedia
338 _avolume
_bnc
_2rdacarrier
650 4 _aFirst Things First-Students Book
_92705
999 _aE1416
_c1416
_d1416